[Event "World Youth & Cadets Rapid Championships"]
[Site "Rhodes, Greece"]
[Date "2022.05.02"]
[Round "7.10"]
[White "Seemann, Jakub"]
[Black "Gurel, Ediz"]
[Result "1/2-1/2"]
[TimeControl "10'/game & 5\"/move"]
[WhiteElo "1984"]
[BlackElo "1779"]

1. d4 {[%clk 00:10:09]} d5 {[%clk 00:10:10]} {[%emt 00:00:01]} 2. c4 {[%clk
00:10:13]} {[%emt 00:00:01]} c6 {[%clk 00:10:14]} 3. Nf3 {[%clk 00:10:14]}
{[%emt 00:00:04]} Nf6 {[%clk 00:10:18]} {[%emt 00:00:02]} 4. e3 {[%clk
00:10:17]} {[%emt 00:00:01]} Bf5 {[%clk 00:10:13]} {[%emt 00:00:10]} 5. Nc3
{[%clk 00:10:19]} {[%emt 00:00:03]} e6 {[%clk 00:10:15]} {[%emt 00:00:03]} 6.
Nh4 {[%clk 00:10:22]} {[%emt 00:00:02]} Be4 {[%clk 00:10:14]} {[%emt 00:00:06]}
7. f3 {[%clk 00:10:26]} {[%emt 00:00:01]} Bg6 {[%clk 00:10:13]} {[%emt
00:00:06]} 8. Nxg6 {[%clk 00:10:28]} {[%emt 00:00:02]} hxg6 {[%clk 00:10:17]}
{[%emt 00:00:02]} 9. Bd2 {[%clk 00:10:18]} {[%emt 00:00:15]} Bd6 {[%clk
00:09:58]} {[%emt 00:00:22]} 10. f4 {[%clk 00:10:17]} {[%emt 00:00:07]} Nbd7
{[%clk 00:09:07]} {[%emt 00:00:57]} 11. Qf3 {[%clk 00:10:10]} {[%emt 00:00:12]}
a5 {[%clk 00:08:54]} {[%emt 00:00:18]} 12. Bd3 {[%clk 00:09:25]} {[%emt
00:00:49]} a4 {[%clk 00:08:18]} {[%emt 00:00:42]} 13. O-O {[%clk 00:09:08]}
{[%emt 00:00:21]} O-O {[%clk 00:07:38]} {[%emt 00:00:46]} 14. h4 {[%clk
00:08:44]} {[%emt 00:00:29]} dxc4 {[%clk 00:06:23]} {[%emt 00:01:21]} 15. Bxc4
{[%clk 00:08:46]} {[%emt 00:00:01]} Nb6 {[%clk 00:06:23]} {[%emt 00:00:06]} 16.
Bd3 {[%clk 00:08:48]} {[%emt 00:00:03]} c5 {[%clk 00:06:12]} {[%emt 00:00:16]}
17. e4 {[%clk 00:05:24]} {[%emt 00:03:29]} cxd4 {[%clk 00:05:43]} {[%emt
00:00:34]} 18. Ne2 {[%clk 00:05:28]} e5 {[%clk 00:05:19]} {[%emt 00:00:31]} 19.
f5 {[%clk 00:05:23]} {[%emt 00:00:09]} gxf5 {[%clk 00:05:01]} {[%emt 00:00:23]}
20. Qxf5 {[%clk 00:05:16]} {[%emt 00:00:12]} Qd7 {[%clk 00:04:52]} {[%emt
00:00:14]} 21. Ng3 {[%clk 00:04:20]} {[%emt 00:01:00]} Qxf5 {[%clk 00:04:19]}
{[%emt 00:00:40]} 22. Nxf5 {[%clk 00:04:18]} {[%emt 00:00:06]} Bc5 {[%clk
00:03:53]} {[%emt 00:00:31]} 23. Rac1 {[%clk 00:03:57]} {[%emt 00:00:26]} Rfc8
{[%clk 00:03:08]} {[%emt 00:00:50]} 24. Nh6+ {[%clk 00:03:07]} {[%emt
00:00:54]} Kf8 {[%clk 00:02:02]} {[%emt 00:01:12]} 25. g4 {[%clk 00:03:08]}
{[%emt 00:00:04]} Nbd7 {[%clk 00:01:11]} {[%emt 00:00:56]} 26. g5 {[%clk
00:02:47]} {[%emt 00:00:26]} gxh6 {[%clk 00:01:09]} {[%emt 00:00:07]} 27. gxf6
{[%clk 00:02:51]} Kg8 {[%clk 00:00:42]} {[%emt 00:00:33]} 28. Bxh6 {[%clk
00:02:48]} {[%emt 00:00:08]} Bf8 {[%clk 00:00:44]} {[%emt 00:00:03]} 29. Bg5
{[%clk 00:01:37]} {[%emt 00:01:16]} Nc5 {[%emt 00:00:03]} 30. Bb1 {[%clk
00:01:29]} {[%emt 00:00:12]} Ne6 {[%clk 00:00:27]} {[%emt 00:00:25]} 31. Rf5
{[%clk 00:00:35]} {[%emt 00:00:58]} Rxc1+ {[%clk 00:00:07]} {[%emt 00:00:25]}
32. Bxc1 {[%clk 00:00:38]} {[%emt 00:00:01]} Rc8 {[%clk 00:00:10]} {[%emt
00:00:03]} 33. Bd2 {[%clk 00:00:31]} {[%emt 00:00:12]} Bd6 {[%clk 00:00:14]}
{[%emt 00:00:01]} 34. Kf2 {[%clk 00:00:17]} {[%emt 00:00:18]} Kh7 {[%clk
00:00:09]} {[%emt 00:00:11]} 35. Rh5+ {[%clk 00:00:21]} Kg8 {[%clk 00:00:12]}
{[%emt 00:00:02]} 36. Kf3 {[%clk 00:00:16]} {[%emt 00:00:09]} Nf8 {[%clk
00:00:08]} {[%emt 00:00:10]} 37. Rg5+ {[%clk 00:00:15]} {[%emt 00:00:07]} Kh8
{[%clk 00:00:12]} {[%emt 00:00:01]} 38. Bd3 {[%clk 00:00:13]} {[%emt 00:00:07]}
Ne6 {[%clk 00:00:08]} {[%emt 00:00:08]} 39. Rh5+ {[%clk 00:00:14]} {[%emt
00:00:03]} Kg8 {[%clk 00:00:13]} 40. b3 {[%clk 00:00:12]} {[%emt 00:00:09]}
axb3 {[%clk 00:00:16]} 41. axb3 {[%clk 00:00:16]} Nc5 {[%clk 00:00:08]} {[%emt
00:00:13]} 42. Bc4 {[%clk 00:00:14]} {[%emt 00:00:07]} Nd7 {[%clk 00:00:07]}
{[%emt 00:00:06]} 43. Rg5+ {[%clk 00:00:14]} {[%emt 00:00:05]} Kh8 {[%clk
00:00:09]} {[%emt 00:00:03]} 44. Rf5 {[%clk 00:00:12]} {[%emt 00:00:08]} Kg8
{[%clk 00:00:09]} {[%emt 00:00:05]} 45. Bh6 {[%clk 00:00:12]} {[%emt 00:00:04]}
b5 {[%clk 00:00:08]} {[%emt 00:00:06]} 46. Bd5 {[%emt 00:00:09]} Rc3+ {[%clk
00:00:11]} 47. Ke2 {[%clk 00:00:11]} {[%emt 00:00:04]} Bf8 {[%clk 00:00:09]}
{[%emt 00:00:07]} 48. Rg5+ {[%clk 00:00:11]} {[%emt 00:00:05]} Kh7 {[%clk
00:00:07]} {[%emt 00:00:08]} 49. Bg7 {[%clk 00:00:09]} {[%emt 00:00:06]} Re3+
{[%clk 00:00:07]} {[%emt 00:00:06]} 50. Kf2 {[%clk 00:00:09]} {[%emt 00:00:04]}
Bxg7 {[%clk 00:00:07]} {[%emt 00:00:06]} 51. fxg7 {[%clk 00:00:08]} {[%emt
00:00:06]} Nf6 {[%clk 00:00:10]} {[%emt 00:00:01]} 52. Bxf7 {[%clk 00:00:10]}
{[%emt 00:00:03]} Nxe4+ {[%clk 00:00:10]} {[%emt 00:00:05]} 53. Kg2 {[%clk
00:00:11]} {[%emt 00:00:02]} Nf6 {[%clk 00:00:12]} {[%emt 00:00:05]} 54. g8=Q+
{[%clk 00:00:08]} {[%emt 00:00:09]} Nxg8 {[%clk 00:00:15]} 55. Bxg8+ {[%clk
00:00:12]} {[%emt 00:00:01]} Kh6 {[%clk 00:00:17]} {[%emt 00:00:03]} 56. Kf2
{[%clk 00:00:14]} {[%emt 00:00:03]} Re4 {[%clk 00:00:09]} {[%emt 00:00:13]} 57.
Bd5 {[%clk 00:00:15]} {[%emt 00:00:03]} Re3 {[%clk 00:00:11]} {[%emt 00:00:04]}
58. Rf5 {[%clk 00:00:10]} {[%emt 00:00:10]} b4 {[%clk 00:00:07]} {[%emt
00:00:09]} 59. Rg5 {[%clk 00:00:13]} {[%emt 00:00:02]} e4 {[%clk 00:00:07]}
{[%emt 00:00:06]} 60. Re5 {[%clk 00:00:12]} {[%emt 00:00:05]} Rf3+ {[%clk
00:00:08]} {[%emt 00:00:04]} 61. Kg2 {[%clk 00:00:09]} {[%emt 00:00:06]} d3
{[%clk 00:00:09]} {[%emt 00:00:06]} 62. Bxe4 {[%clk 00:00:09]} {[%emt
00:00:05]} Re3 {[%clk 00:00:12]} {[%emt 00:00:02]} 63. Re6+ {[%clk 00:00:14]}
Kg7 {[%clk 00:00:16]} {[%emt 00:00:02]} 64. Bf5 {[%clk 00:00:09]} {[%emt
00:00:09]} d2 {[%clk 00:00:14]} {[%emt 00:00:07]} 65. Rd6 {[%clk 00:00:14]}
Rxb3 {[%clk 00:00:17]} {[%emt 00:00:02]} 66. Rxd2 {[%clk 00:00:18]} {[%emt
00:00:01]} Rc3 {[%clk 00:00:18]} {[%emt 00:00:04]} 67. Rd6 {[%clk 00:00:16]}
{[%emt 00:00:07]} Rc5 {[%clk 00:00:17]} {[%emt 00:00:06]} 68. Be4 {[%clk
00:00:14]} {[%emt 00:00:05]} Rb5 {[%clk 00:00:08]} {[%emt 00:00:15]} 69. Rd2
{[%clk 00:00:10]} {[%emt 00:00:08]} b3 {[%clk 00:00:09]} {[%emt 00:00:05]} 70.
Rb2 {[%clk 00:00:14]} Rb4 {[%clk 00:00:14]} 71. Kf3 {[%clk 00:00:14]} {[%emt
00:00:05]} Kh6 {[%clk 00:00:12]} {[%emt 00:00:08]} 72. Bd5 {[%clk 00:00:09]}
{[%emt 00:00:10]} Rxh4 {[%clk 00:00:12]} {[%emt 00:00:05]} 73. Bxb3 {[%clk
00:00:13]} Rb4 {[%clk 00:00:16]} {[%emt 00:00:01]} 74. Ke3 {[%clk 00:00:17]}
Kg5 {[%clk 00:00:17]} {[%emt 00:00:04]} 75. Kd3 {[%clk 00:00:21]} Kf6 {[%clk
00:00:19]} {[%emt 00:00:03]} 76. Kc3 {[%clk 00:00:25]} Rf4 {[%clk 00:00:23]} 77.
Re2 {[%clk 00:00:28]} {[%emt 00:00:02]} Rf5 {[%clk 00:00:21]} {[%emt 00:00:08]}
78. Kd4 {[%clk 00:00:31]} {[%emt 00:00:02]} Rf4+ {[%clk 00:00:21]} {[%emt
00:00:05]} 79. Kd5 {[%clk 00:00:35]} Rf5+ {[%clk 00:00:21]} {[%emt 00:00:06]}
80. Kd6 {[%clk 00:00:39]} Rf3 {[%clk 00:00:21]} {[%emt 00:00:06]} 81. Bd5
{[%clk 00:00:43]} Rf4 {[%clk 00:00:21]} {[%emt 00:00:05]} 82. Re8 {[%clk
00:00:45]} {[%emt 00:00:03]} Rf5 {[%clk 00:00:18]} {[%emt 00:00:07]} 83. Be4
{[%clk 00:00:43]} {[%emt 00:00:07]} Rf4 {[%clk 00:00:20]} {[%emt 00:00:04]} 84.
Re6 {[%clk 00:00:44]} {[%emt 00:00:04]} Kf7 {[%clk 00:00:16]} {[%emt 00:00:09]}
85. Bg6+ {[%clk 00:00:47]} {[%emt 00:00:02]} Kg7 {[%clk 00:00:18]} {[%emt
00:00:03]} 86. Ke5 {[%clk 00:00:50]} {[%emt 00:00:01]} Ra4 {[%clk 00:00:15]}
{[%emt 00:00:10]} 87. Kf5 {[%clk 00:00:42]} {[%emt 00:00:11]} Ra5+ {[%clk
00:00:18]} {[%emt 00:00:03]} 88. Kf4 {[%clk 00:00:46]} Rb5 {[%clk 00:00:10]}
{[%emt 00:00:14]} 89. Bf5 {[%clk 00:00:46]} {[%emt 00:00:06]} Rb2 {[%clk
00:00:09]} {[%emt 00:00:06]} 90. Rc6 {[%clk 00:00:36]} {[%emt 00:00:12]} Kf7
{[%clk 00:00:09]} {[%emt 00:00:06]} 91. Be4 {[%clk 00:00:35]} {[%emt 00:00:07]}
Rb5 {[%clk 00:00:11]} {[%emt 00:00:02]} 92. Bd3 {[%clk 00:00:33]} {[%emt
00:00:08]} Ra5 {[%clk 00:00:13]} {[%emt 00:00:03]} 93. Bc4+ {[%clk 00:00:36]}
{[%emt 00:00:02]} Ke7 {[%clk 00:00:16]} {[%emt 00:00:03]} 94. Ke4 {[%clk
00:00:40]} Rh5 {[%clk 00:00:18]} {[%emt 00:00:04]} 95. Re6+ {[%clk 00:00:38]}
{[%emt 00:00:07]} Kd7 {[%clk 00:00:22]} 96. Rg6 {[%clk 00:00:37]} {[%emt
00:00:05]} Ke7 {[%clk 00:00:20]} {[%emt 00:00:07]} 97. Be6 {[%clk 00:00:33]}
{[%emt 00:00:09]} Ra5 {[%clk 00:00:09]} {[%emt 00:00:16]} 98. Bd5 {[%clk
00:00:37]} {[%emt 00:00:01]} Kd7 {[%clk 00:00:10]} {[%emt 00:00:04]} 99. Ke5
{[%clk 00:00:41]} {[%emt 00:00:01]} Kc7 {[%clk 00:00:14]} {[%emt 00:00:02]} 100.
Rg7+ {[%clk 00:00:44]} {[%emt 00:00:02]} Kb6 {[%clk 00:00:12]} {[%emt
00:00:06]} 101. Kd6 {[%clk 00:00:46]} {[%emt 00:00:02]} Rb5 {[%clk 00:00:14]}
{[%emt 00:00:04]} 102. Bc6 {[%clk 00:00:35]} {[%emt 00:00:15]} Rb4 {[%clk
00:00:14]} {[%emt 00:00:07]} 103. Rb7+ {[%clk 00:00:36]} {[%emt 00:00:04]} Ka5
{[%clk 00:00:18]} {[%emt 00:00:01]} 104. Ra7+ {[%clk 00:00:40]} Kb6 {[%clk
00:00:22]} 105. Ra8 {[%clk 00:00:44]} {[%emt 00:00:01]} Rd4 {[%clk 00:00:21]}
{[%emt 00:00:06]} 106. Bd5 {[%clk 00:00:48]} Rb4 {[%clk 00:00:26]} 107. Rc8
{[%clk 00:00:14]} {[%emt 00:00:39]} Ka5 {[%clk 00:00:10]} {[%emt 00:00:21]} 108.
Bc4 {[%clk 00:00:11]} {[%emt 00:00:08]} Rb6+ {[%clk 00:00:08]} {[%emt
00:00:07]} 109. Kc5 {[%clk 00:00:11]} {[%emt 00:00:05]} Rb5 {[%clk 00:00:12]}
{[%emt 00:00:01]} 110. Kd4 {[%clk 00:00:14]} {[%emt 00:00:01]} Rb4 {[%clk
00:00:08]} {[%emt 00:00:11]} 111. Rc6 {[%clk 00:00:09]} {[%emt 00:00:10]} Rb6
{[%clk 00:00:09]} {[%emt 00:00:03]} 112. Rc7 {[%clk 00:00:12]} {[%emt
00:00:02]} Rb4 {[%clk 00:00:08]} {[%emt 00:00:06]} 113. Ra7+ {[%clk 00:00:17]}
Kb6 {[%clk 00:00:13]} 114. Ra6+ {[%clk 00:00:21]} {[%emt 00:00:01]} Kb7 {[%clk
00:00:17]} 115. Rh6 {[%clk 00:00:20]} {[%emt 00:00:05]} Rb6 {[%clk 00:00:14]}
{[%emt 00:00:09]} 116. Rh7+ {[%clk 00:00:24]} Kc6 {[%clk 00:00:16]} {[%emt
00:00:03]} 117. Rf7 {[%clk 00:00:27]} {[%emt 00:00:02]} Kd6 {[%clk 00:00:17]}
{[%emt 00:00:04]} 118. Rf6+ {[%clk 00:00:27]} {[%emt 00:00:05]} Kc7 {[%clk
00:00:22]} {[%emt 00:00:01]} 119. Be6 {[%clk 00:00:23]} {[%emt 00:00:08]} Kd6
{[%clk 00:00:18]} {[%emt 00:00:09]} 120. Rh6 {[%clk 00:00:24]} {[%emt
00:00:04]} Kc7 {[%clk 00:00:14]} {[%emt 00:00:10]} 121. Kc5 {[%clk 00:00:25]}
{[%emt 00:00:04]} Rc6+ {[%clk 00:00:18]} {[%emt 00:00:01]} 122. Kd5 {[%clk
00:00:29]} Rd6+ {[%clk 00:00:20]} {[%emt 00:00:03]} 123. Ke5 {[%clk 00:00:34]}
Rc6 {[%clk 00:00:17]} {[%emt 00:00:08]} 124. Rh7+ {[%clk 00:00:36]} {[%emt
00:00:02]} Kb6 {[%clk 00:00:21]} {[%emt 00:00:01]} 125. Bd5 {[%clk 00:00:40]}
Rc7 {[%clk 00:00:22]} {[%emt 00:00:05]} 126. Rh1 {[%clk 00:00:41]} {[%emt
00:00:03]} Kc5 {[%clk 00:00:21]} {[%emt 00:00:06]} 127. Be6 {[%clk 00:00:17]}
{[%emt 00:00:29]} Rc6 {[%clk 00:00:21]} {[%emt 00:00:04]} 128. Rc1+ {[%clk
00:00:17]} {[%emt 00:00:05]} Kb6 {[%clk 00:00:26]} {[%emt 00:00:01]} 129. Rb1+
{[%clk 00:00:22]} Kc5 {[%clk 00:00:21]} {[%emt 00:00:10]} 130. Bd7 {[%clk
00:00:25]} Rc7 {[%clk 00:00:23]} {[%emt 00:00:02]} 131. Ke6 {[%clk 00:00:29]}
{[%emt 00:00:03]} Kd4 {[%clk 00:00:25]} {[%emt 00:00:03]} 132. Kd6 {[%clk
00:00:31]} {[%emt 00:00:02]} Rc3 {[%clk 00:00:26]} {[%emt 00:00:04]} 133. Be6
{[%clk 00:00:35]} {[%emt 00:00:01]} Ra3 {[%clk 00:00:17]} {[%emt 00:00:15]} 134.
Rb4+ {[%clk 00:00:33]} {[%emt 00:00:06]} Kc3 {[%clk 00:00:21]} 135. Rc4+ {[%clk
00:00:37]} {[%emt 00:00:01]} Kd3 {[%clk 00:00:25]} 136. Ke5 {[%clk 00:00:41]}
Rc3 {[%clk 00:00:18]} {[%emt 00:00:12]} 137. Rd4+ {[%clk 00:00:42]} {[%emt
00:00:03]} Ke3 {[%clk 00:00:22]} 138. Rh4 {[%clk 00:00:44]} {[%emt 00:00:04]}
Rd3 {[%clk 00:00:17]} {[%emt 00:00:10]} 139. Bc4 {[%clk 00:00:47]} {[%emt
00:00:02]} Rc3 {[%clk 00:00:15]} {[%emt 00:00:07]} 140. Re4+ {[%clk 00:00:36]}
{[%emt 00:00:16]} Kf2 {[%clk 00:00:15]} {[%emt 00:00:05]} 141. Kf4 {[%clk
00:00:09]} {[%emt 00:00:31]} Rf3+ {[%clk 00:00:19]} {[%emt 00:00:02]} 142. Kg4
{[%clk 00:00:13]} {[%emt 00:00:01]} Rg3+ {[%clk 00:00:23]} {[%emt 00:00:02]}
143. Kh4 {[%clk 00:00:16]} {[%emt 00:00:01]} Re3 {[%clk 00:00:23]} {[%emt
00:00:06]} 144. Rd4 {[%clk 00:00:17]} {[%emt 00:00:04]} Rf3 {[%clk 00:00:19]}
{[%emt 00:00:09]} 145. Bd5 {[%clk 00:00:16]} {[%emt 00:00:05]} Rc3 {[%clk
00:00:14]} {[%emt 00:00:09]} 146. Kg4 {[%clk 00:00:19]} {[%emt 00:00:02]} Ke3
{[%clk 00:00:16]} {[%emt 00:00:04]} 147. Re4+ {[%clk 00:00:22]} {[%emt
00:00:02]} Kd2 {[%clk 00:00:18]} {[%emt 00:00:03]} 148. Kf4 {[%clk 00:00:23]}
{[%emt 00:00:04]} Rh3 {[%clk 00:00:18]} {[%emt 00:00:06]} 1/2-1/2

[Event "World Youth & Cadets Rapid Championships"]
[Site "Rhodes, Greece"]
[Date "2022.05.02"]
[Round "7.11"]
[White "Krawczyk, Flawian"]
[Black "Podolskyi, Mykhailo"]
[Result "1-0"]
[TimeControl "10'/game & 5\"/move"]
[WhiteElo "1835"]
[BlackElo "1948"]

1. e4 {[%clk 00:10:09]} c5 {[%clk 00:10:03]} {[%emt 00:00:08]} 2. Nf3 {[%clk
00:10:12]} {[%emt 00:00:02]} e6 {[%clk 00:10:03]} {[%emt 00:00:04]} 3. b3
{[%clk 00:10:10]} {[%emt 00:00:07]} Nf6 {[%clk 00:08:48]} {[%emt 00:01:20]} 4.
d3 {[%clk 00:10:05]} {[%emt 00:00:10]} Nc6 {[%clk 00:08:29]} {[%emt 00:00:23]}
5. Bb2 {[%clk 00:10:09]} {[%emt 00:00:01]} Be7 {[%clk 00:08:25]} {[%emt
00:00:10]} 6. g3 {[%clk 00:10:13]} {[%emt 00:00:01]} O-O {[%clk 00:08:19]}
{[%emt 00:00:11]} 7. Bg2 {[%clk 00:10:16]} {[%emt 00:00:02]} d5 {[%clk
00:08:10]} {[%emt 00:00:14]} 8. Nbd2 {[%clk 00:10:19]} {[%emt 00:00:01]} Qc7
{[%clk 00:07:52]} {[%emt 00:00:23]} 9. O-O {[%clk 00:10:22]} {[%emt 00:00:02]}
b6 {[%clk 00:07:33]} {[%emt 00:00:25]} 10. Ne1 {[%clk 00:10:07]} {[%emt
00:00:20]} Bb7 {[%clk 00:06:50]} {[%emt 00:00:48]} 11. f4 {[%clk 00:10:06]}
{[%emt 00:00:05]} dxe4 {[%clk 00:06:17]} {[%emt 00:00:39]} 12. Nxe4 {[%clk
00:10:04]} {[%emt 00:00:07]} Nxe4 {[%clk 00:05:54]} {[%emt 00:00:28]} 13. dxe4
{[%clk 00:10:00]} {[%emt 00:00:09]} Rad8 {[%clk 00:05:34]} {[%emt 00:00:25]} 14.
Qg4 {[%clk 00:10:03]} {[%emt 00:00:01]} Nd4 {[%clk 00:04:50]} {[%emt 00:00:49]}
15. c3 {[%clk 00:09:44]} {[%emt 00:00:25]} Nc6 {[%clk 00:03:24]} {[%emt
00:01:31]} 16. Nf3 {[%clk 00:09:44]} {[%emt 00:00:04]} c4 {[%clk 00:03:10]}
{[%emt 00:00:20]} 17. b4 {[%clk 00:09:49]} {[%emt 00:00:01]} b5 {[%clk
00:02:24]} {[%emt 00:00:50]} 18. Rf2 {[%clk 00:08:19]} {[%emt 00:01:35]} a5
{[%clk 00:02:10]} {[%emt 00:00:19]} 19. a3 {[%clk 00:08:23]} axb4 {[%clk
00:02:14]} {[%emt 00:00:01]} 20. axb4 {[%clk 00:08:26]} {[%emt 00:00:01]} Qb6
{[%clk 00:02:07]} {[%emt 00:00:12]} 21. Raf1 {[%clk 00:08:30]} {[%emt
00:00:02]} Rd3 {[%clk 00:01:59]} {[%emt 00:00:13]} 22. Kh1 {[%clk 00:08:33]}
{[%emt 00:00:01]} Rfd8 {[%clk 00:01:56]} {[%emt 00:00:09]} 23. Ng5 {[%clk
00:07:25]} {[%emt 00:01:12]} Rd2 {[%clk 00:01:29]} {[%emt 00:00:33]} 24. Rxd2
{[%clk 00:07:16]} {[%emt 00:00:14]} Rxd2 {[%clk 00:01:30]} {[%emt 00:00:04]} 25.
Bc1 {[%clk 00:07:20]} Rd3 {[%clk 00:01:30]} {[%emt 00:00:06]} 26. f5 {[%clk
00:06:30]} {[%emt 00:00:56]} Ne5 {[%clk 00:00:39]} {[%emt 00:00:55]} 27. fxe6
{[%clk 00:05:42]} {[%emt 00:00:53]} f6 {[%clk 00:00:09]} {[%emt 00:00:35]} 28.
Qh5 {[%clk 00:05:29]} {[%emt 00:00:18]} Ng6 {[%clk 00:00:08]} {[%emt 00:00:07]}
29. Qxh7+ {[%clk 00:05:31]} {[%emt 00:00:02]} Kf8 {[%clk 00:00:12]} {[%emt
00:00:01]} 30. Qxg6 {[%clk 00:05:32]} {[%emt 00:00:03]} 1-0

[Event "World Youth & Cadets Rapid Championships"]
[Site "Rhodes, Greece"]
[Date "2022.05.02"]
[Round "7.12"]
[White "Kozlovic, Jernej"]
[Black "Morkunas, Gustas"]
[Result "1/2-1/2"]
[TimeControl "10'/game & 5\"/move"]
[WhiteElo "1683"]
[BlackElo "1955"]

1. Nf3 {[%clk 00:10:06]} {[%emt 00:00:02]} Nf6 {[%clk 00:10:08]} {[%emt
00:00:02]} 2. d4 {[%clk 00:10:09]} {[%emt 00:00:02]} g6 {[%clk 00:10:12]}
{[%emt 00:00:01]} 3. Bf4 {[%clk 00:10:12]} {[%emt 00:00:02]} Bg7 {[%clk
00:10:16]} {[%emt 00:00:01]} 4. e3 {[%clk 00:10:14]} {[%emt 00:00:02]} O-O
{[%clk 00:10:18]} {[%emt 00:00:03]} 5. Nbd2 {[%clk 00:10:16]} {[%emt 00:00:03]}
d6 {[%clk 00:10:20]} {[%emt 00:00:03]} 6. h3 {[%clk 00:10:15]} {[%emt
00:00:07]} Nbd7 {[%clk 00:10:22]} {[%emt 00:00:03]} 7. c3 {[%clk 00:10:16]}
{[%emt 00:00:03]} b6 {[%clk 00:10:16]} {[%emt 00:00:11]} 8. a4 {[%clk
00:10:15]} {[%emt 00:00:06]} a5 {[%clk 00:10:16]} {[%emt 00:00:05]} 9. Bc4
{[%clk 00:10:15]} {[%emt 00:00:05]} Bb7 {[%clk 00:10:11]} {[%emt 00:00:11]} 10.
O-O {[%clk 00:10:14]} {[%emt 00:00:06]} Qe8 {[%clk 00:10:14]} {[%emt 00:00:02]}
11. Bh2 {[%clk 00:10:14]} {[%emt 00:00:04]} e5 {[%clk 00:10:04]} {[%emt
00:00:15]} 12. Qb3 {[%clk 00:10:12]} {[%emt 00:00:07]} Qe7 {[%clk 00:09:40]}
{[%emt 00:00:29]} 13. Rfd1 {[%clk 00:09:49]} {[%emt 00:00:28]} Rad8 {[%clk
00:09:06]} {[%emt 00:00:39]} 14. Qc2 {[%clk 00:08:33]} {[%emt 00:01:21]} e4
{[%clk 00:07:38]} {[%emt 00:01:33]} 15. Ne1 {[%clk 00:08:30]} {[%emt 00:00:09]}
Ne8 {[%clk 00:07:26]} {[%emt 00:00:17]} 16. b4 {[%clk 00:08:03]} {[%emt
00:00:32]} d5 {[%clk 00:06:52]} {[%emt 00:00:39]} 17. Be2 {[%clk 00:07:33]}
{[%emt 00:00:34]} Ra8 {[%clk 00:05:40]} {[%emt 00:01:18]} 18. bxa5 {[%clk
00:06:44]} {[%emt 00:00:53]} bxa5 {[%clk 00:05:01]} {[%emt 00:00:45]} 19. c4
{[%clk 00:06:25]} {[%emt 00:00:24]} c5 {[%clk 00:04:33]} {[%emt 00:00:33]} 20.
Nb3 {[%clk 00:05:41]} {[%emt 00:00:49]} cxd4 {[%clk 00:03:28]} {[%emt
00:01:10]} 21. Nxd4 {[%clk 00:05:28]} {[%emt 00:00:18]} dxc4 {[%clk 00:03:21]}
{[%emt 00:00:11]} 22. Bxc4 {[%clk 00:05:18]} {[%emt 00:00:15]} Ne5 {[%clk
00:03:17]} {[%emt 00:00:09]} 23. Be2 {[%clk 00:05:11]} {[%emt 00:00:13]} Nc7
{[%clk 00:02:49]} {[%emt 00:00:33]} 24. Rac1 {[%clk 00:04:58]} {[%emt
00:00:17]} Rfc8 {[%clk 00:02:42]} {[%emt 00:00:13]} 25. Qc5 {[%clk 00:04:37]}
{[%emt 00:00:26]} Nd5 {[%clk 00:02:10]} {[%emt 00:00:37]} 26. Qxe7 {[%clk
00:04:32]} {[%emt 00:00:10]} Nxe7 {[%clk 00:02:14]} {[%emt 00:00:01]} 27. Nb5
{[%clk 00:04:01]} {[%emt 00:00:36]} Ba6 {[%clk 00:02:03]} {[%emt 00:00:16]} 28.
Kf1 {[%clk 00:03:54]} {[%emt 00:00:12]} N7c6 {[%clk 00:01:31]} {[%emt
00:00:37]} 29. Nd6 {[%clk 00:03:38]} {[%emt 00:00:20]} Bxe2+ {[%clk 00:01:07]}
{[%emt 00:00:30]} 30. Kxe2 {[%clk 00:03:41]} {[%emt 00:00:02]} Rcb8 {[%clk
00:01:09]} {[%emt 00:00:03]} 31. Nxe4 {[%clk 00:03:43]} {[%emt 00:00:03]} Rb2+
{[%clk 00:01:01]} {[%emt 00:00:12]} 32. Rc2 {[%clk 00:03:20]} {[%emt 00:00:28]}
Rab8 {[%clk 00:00:52]} {[%emt 00:00:15]} 33. Rxb2 {[%clk 00:03:05]} {[%emt
00:00:19]} Rxb2+ {[%clk 00:00:56]} {[%emt 00:00:02]} 34. Rd2 {[%clk 00:03:07]}
{[%emt 00:00:03]} Rb4 {[%clk 00:00:58]} {[%emt 00:00:03]} 35. Nc5 {[%clk
00:03:03]} {[%emt 00:00:09]} Bf8 {[%clk 00:00:59]} {[%emt 00:00:04]} 36. Bxe5
{[%clk 00:02:42]} {[%emt 00:00:27]} Nxe5 {[%clk 00:00:58]} {[%emt 00:00:05]} 37.
Rc2 {[%clk 00:02:09]} {[%emt 00:00:38]} Bxc5 {[%clk 00:00:31]} {[%emt
00:00:32]} 38. Rxc5 {[%clk 00:02:12]} {[%emt 00:00:02]} Nc4 {[%clk 00:00:33]}
{[%emt 00:00:03]} 39. Kd3 {[%emt 00:00:22]} Nb2+ {[%emt 00:00:02]} 40. Ke2
{[%clk 00:10:05]} {[%emt 00:00:25]} Nc4 {[%clk 00:10:05]} 1/2-1/2